Gaming Quiz

Random Gaming or Song Quiz

Rock Band Songs Quiz Stats

 Plays Quiz Updated Sep 13, 2019

Score 0/45 Timer 10:00
0 Plays Today
Year Song % Correct
2003Are You Gonna Be My Girl
69.7%
1994Black Hole Sun
61.8%
1992Creep
57.4%
1976(Don't Fear) The Reaper
56.3%
1991Enter Sandman
55%
2006Dani California
53.8%
2004Maps
43.6%
1976Blitzkrieg Bop
42.9%
1999Learn to Fly
41.5%
1987Wanted Dead or Alive
41.1%
1970Paranoid
40.4%
1981Tom Sawyer
39.5%
2006When You Were Young
39%
1994Sabotage
38.1%
1995Say It Ain't So
37.1%
1982Run to the Hills
36.7%
2006Here It Goes Again
36.5%
1976Detroit Rock City
36.5%
1988Orange Crush
35%
1990Epic
34.5%
1973The Ballroom Blitz
34.2%
1992In Bloom
32.3%
1971Won't Get Fooled Again
31.8%
Year Song % Correct
1976Foreplay/Long Time
31.7%
2005Welcome Home
31.7%
1972Highway Star
31.6%
1982Should I Stay or Should I Go
31.5%
1993Cherub Rock
30.4%
1970Mississippi Queen
30.3%
1969Gimme Shelter
29.1%
2004Reptilia
27.7%
2005The Hand That Feeds
27.3%
2003Dead on Arrival
26.9%
1998Celebrity Skin
26.9%
1975Green Grass and High Tides
26.5%
1974Train Kept A-Rollin'
24.2%
1980Flirtin' with Disaster
24.1%
1998I Think I'm Paranoid
23.1%
2003Go with the Flow
21.9%
1994Vasoline
21%
1976Suffragette City
20.5%
1978Next to You
18%
2003The Electric Version
16.1%
1989Wave of Mutilation
15.8%
2001Main Offender
12.9%

You're not logged in!

Compare scores with friends on all Sporcle quizzes.
OR
Log In

Sporcle TV

Today on Sporcle TV


Watch our educational content, quiz creation guides, and fun videos on Sporcle TV.

Show Comments

Extras

Top Quizzes Today


Score Distribution

Your Account Isn't Verified!

In order to create a playlist on Sporcle, you need to verify the email address you used during registration. Go to your Sporcle Settings to finish the process.

Report this User

Report this user for behavior that violates our Community Guidelines.

Details: